The world and the West. (Record no. 7371)

MARC details
000 -LEADER
fixed length control field 00764cam a2200289I 4500
001 - CONTROL NUMBER
control field 50750
003 - CONTROL NUMBER IDENTIFIER
control field GBCCL
005 - DATE AND TIME OF LATEST TRANSACTION
control field 20241126110626.0
008 - FIXED-LENGTH DATA ELEMENTS--GENERAL INFORMATION
fixed length control field 720410s1953 nyu 000 0 eng
010 ## -
-- 53005911 /L
015 ## -
-- GB53-1645
029 1# -
-- UKM
-- b5301645
035 ## - SYSTEM CONTROL NUMBER
System control number (OCoLC)00279839
040 ## - CATALOGING SOURCE
Original cataloging agency DLC
Transcribing agency URB
Modifying agency SER
-- UKM
049 ## -
-- LBBK
050 0# -
-- CB251
-- .T69
082 ## - DEWEY DECIMAL CLASSIFICATION NUMBER
Classification number 901
Item number TOY
090 ## - LOCALLY ASSIGNED LC-TYPE CALL NUMBER (OCLC); LOCAL CALL NUMBER (RLIN)
Classification number (OCLC) (R) ; Classification number, CALL (RLIN) (NR) CB251
Local cutter number (OCLC) ; Book number/undivided call number, CALL (RLIN) .T69
100 1# - MAIN ENTRY--PERSONAL NAME
Personal name Toynbee, Arnold Joseph,
Dates associated with a name 1889-1975.
9 (RLIN) 3282
245 14 - TITLE STATEMENT
Title The world and the West.
260 ## - PUBLICATION, DISTRIBUTION, ETC.
Place of publication, distribution, etc. New York,
Name of publisher, distributor, etc. Oxford University Press,
Date of publication, distribution, etc. 1953.
300 ## - PHYSICAL DESCRIPTION
Extent 99 p.
Dimensions 20 cm.
490 0# - SERIES STATEMENT
Series statement The Reith lectures for 1952
650 #0 - SUBJECT ADDED ENTRY--TOPICAL TERM
Topical term or geographic name entry element Civilization
General subdivision History.
9 (RLIN) 4124
650 #0 - SUBJECT ADDED ENTRY--TOPICAL TERM
Topical term or geographic name entry element East and West.
9 (RLIN) 5801
942 ## - ADDED ENTRY ELEMENTS (KOHA)
Source of classification or shelving scheme Dewey Decimal Classification
Koha item type Books
Holdings
Withdrawn status Lost status Source of classification or shelving scheme Damaged status Not for loan Home library Current Library Shelving location Date acquired Total checkouts Full call number Barcode Date last seen Copy number Price effective from Koha item type
    Dewey Decimal Classification     GRACE BIBLE COLLEGE GRACE BIBLE COLLEGE General Studies 2018-08-02   901 TOY 001747 2025-05-01 c.1 2018-08-02 Books
© Grace Bible College Library 2025